Statistiche per Marcatori del Brasile ai Mondiali - Qatar 2022

Clicka qui per fare il quiz!

Statistiche generali

  • Questo quiz è stato fatto 3 volte
  • Il punteggio medio è 6 su 8

Statistiche sulle risposte

PartitaMinutoMarcatore% Corretto
Brasile - Corea del Sud 4-113'Neymar
100%
Croazia - Brasile 5-3 (d.c.r.)106'Neymar
100%
Brasile - Serbia 2-062'Richarlison
100%
Brasile - Serbia 2-073'Richarlison
100%
Brasile - Corea del Sud 4-129'Richarlison
100%
Brasile - Svizzera 1-083'Casemiro
67%
Brasile - Corea del Sud 4-136'Lucas Paquetá
33%
Brasile - Corea del Sud 4-17'Vinícius Júnior
33%

Distribuzione punteggi

Percentile per numero di risposta

Percentuale di utenti per punteggio

I tuoi punteggi nel tempo

Non hai fatto questo quiz